000 00215nam a22000857a 4500
008 170125b xxu||||| |||| 00| 0 eng d
100 _92561
_aTayal.B.B.etal.
245 _aSocial Science-VI
260 _aNew delhi
_bAPC
_c2010
999 _c5665
_d5665